00733nam a2200145 a 4500003000200000005001700002008004100019050002900060100003300089245018900122260009000311300004800401504004100449650009700490020250505154904.0050809s19uu xx 00 eng d aPHS LB 2350.5b.S67 2005 aSoriano, Alessandra Amaia M. aA Comparative study on the perceptions of students from international and local schools on how their school prepares them for college or university work /cAlessandra Amaia M. Soriano. aLas Piñas City, Philippines :bSouthville International School and Colleges,c2005. aunnumbered pages :billustrations ;c28 cm. aIncludes bibliographical references. 2Library of Congress Subject HeadingsaCollege preparationzPhilippinesxComparative studies.